|
|
|
|
| LEADER |
02033nam a2200529 i 4500 |
| 001 |
001899083 |
| 003 |
CZ BrMZK |
| 005 |
20240801114647.0 |
| 007 |
ta |
| 008 |
240617s2004 xr e 000 0dcze |
| 020 |
|
|
|q (Skládanka)
|
| 040 |
|
|
|a BOA001
|b cze
|e rda
|
| 043 |
|
|
|a e-xr---
|b e-xr-pg
|2 czenas
|
| 045 |
|
|
|a y0y0
|
| 072 |
|
7 |
|a 792
|x Divadlo. Divadelní představení
|2 Konspekt
|9 3
|
| 080 |
|
|
|a 821.162.3-2
|2 MRF
|
| 080 |
|
|
|a 792.2
|2 MRF
|
| 080 |
|
|
|a (437.311)
|2 MRF
|
| 080 |
|
|
|a (083.97)
|2 MRF
|
| 100 |
1 |
|
|a Kinská, Martina,
|d 1978-
|7 jo2007399977
|4 aut
|
| 245 |
1 |
0 |
|a Milan Kundera, Jakub a jeho pán /
|c text programu: Martina Kinská a Zdeněk Bartoš
|
| 246 |
3 |
0 |
|a Jakub a jeho pán
|
| 264 |
|
1 |
|a Praha :
|b Divadlo DISK,
|c [2004]
|
| 300 |
|
|
|a 6 nečíslovaných stran ;
|c 21 cm
|
| 336 |
|
|
|a text
|b txt
|2 rdacontent
|
| 337 |
|
|
|a bez média
|b n
|2 rdamedia
|
| 338 |
|
|
|a list
|b nb
|2 rdacarrier
|
| 500 |
|
|
|a "Premiéra 4. prosince ... v divadle DISK, třetí absolventská inscenace IV. a V. ročníku katedry činoherního divadla DAMU 2004/2005"--Strana 2
|
| 600 |
1 |
7 |
|a Kundera, Milan,
|d 1929-2023.
|7 aun20231209540
|t Jakub a jeho pán
|
| 610 |
2 |
7 |
|a Divadlo DISK
|7 ko2002102237
|
| 648 |
|
7 |
|a 20. století
|7 ch460558
|
| 648 |
|
4 |
|a 2004
|
| 648 |
|
7 |
|a 2001-2010
|7 ch460588
|
| 650 |
0 |
7 |
|a české drama
|7 ph128137
|y 20. století
|2 czenas
|
| 650 |
0 |
7 |
|a divadelní inscenace
|7 ph114330
|z Česko
|y 2001-2010
|2 czenas
|
| 650 |
0 |
9 |
|a Czech drama
|y 20th century
|2 eczenas
|
| 650 |
0 |
9 |
|a theatrical productions
|z Czechia
|y 2001-2010
|2 eczenas
|
| 651 |
|
7 |
|a Praha (Česko)
|7 ge118011
|2 czenas
|
| 651 |
|
9 |
|a Prague (Czechia)
|2 eczenas
|
| 655 |
|
7 |
|a divadelní programy
|7 fd132033
|2 czenas
|
| 655 |
|
9 |
|a playbills
|2 eczenas
|
| 700 |
1 |
|
|a Bartoš, Zdeněk,
|d 1975-
|7 js20060519029
|4 aut
|
| 710 |
2 |
|
|a Divadlo DISK
|7 ko2002102237
|4 orm
|4 isb
|
| 910 |
|
|
|a BOA001
|b KMK-0002.168
|
| 990 |
|
|
|a BK
|
| 991 |
|
|
|b 202408
|
| 996 |
6 |
|
|b 261K003082
|c KMK-0002.168
|l MZK
|r K. M. Kundery - 1. patro
|n 0
|p dar
|h D/01-11.0,003
|w 001967819
|u 000010
|a 0
|e BOA001
|j MZK50
|s P
|